000 00579nam a2200217Ia 4500
003 OSt
005 20220926044628.0
006 a|||||r|||| 00| 0
007 ta
008 220923b |||||||| |||| 00| 0 eng d
037 _cGeneral Book
040 _aRTL
_cRTL
_beng
041 _2eng
_aeng
082 _aX9n2, N, J8
110 _aIndia, Labour & Employment
_9349255
245 0 _aLarge industrial establishments in India
260 _c1958
700 _aIndia, Labour & Employment
_9349256
942 _hX9n2, N, J8
_cGB
_2CC
999 _c675380
_d675380